Statistics for Death Metal Bands

Click here to take the quiz!

General Stats

  • This quiz has been taken 21 times
  • The average score is 13 of 25

Answer Stats

AlbumBand% Correct
DeicideDeicide
89%
SymbolicDeath
83%
Tomb of the MutilatedCannibal Corpse
78%
From Mars to SiriusGojira
67%
Altars of MadnessMorbid Angel
67%
None So VileCryptopsy
61%
Left Hand PathEntombed
61%
Cause of DeathObituary
61%
Unquestionable PresenceAtheist
56%
Slaughter of the SoulAt The Gates
56%
HeartworkCarcass
50%
ObscuraGorguts
50%
Close to a World BelowImmolation
50%
The Jester RaceIn Flames
50%
Effigy of the ForgottenSuffocation
50%
Mental FuneralAutopsy
44%
Those Once LoyalBolt Thrower
44%
Follow the ReaperChildren of Bodom
44%
Twilight of the Thunder GodAmon Amarth
39%
The GalleryDark Tranquillity
39%
Annihilation of the WickedNile
39%
The SatanistBehemoth
33%
Hidden History of the Human RaceBlood Incantation
28%
CrimsonEdge of Sanity
28%
Consuming ImpulsePestilence
28%

Score Distribution

Percentile by Number Answered

Percent of People with Each Score

Your Score History

You have not taken this quiz